La responsabilidad colectiva /
Na minha lista:
| Autor principal: | |
|---|---|
| Formato: | Desconhecido |
| Idioma: | Spanish |
| Assuntos: | |
| Tags: |
Adicionar Tag
Sem tags, seja o primeiro a adicionar uma tag!
|
MARC
| LEADER | 000000000a22000000004500 | ||
|---|---|---|---|
| 001 | 009765 | ||
| 041 | 0 | |a spa | |
| 100 | 1 | |a M. C. | |
| 245 | 1 | 3 | |a La responsabilidad colectiva / |c M. C. |
| 310 | |a mensual | ||
| 650 | 4 | |a VENA, FABIAN | |
| 773 | 0 | |d Buenos Aires, Argentina : Complejo Teatral de Buenos Aires |t Teatro: La Revista del Complejo Teatral de Buenos Aires |g volumen 26, número 82 (2005), páginas 31 | |
| 942 | |c ARC | ||
| 999 | |c 17072 |d 17072 | ||
